Az örömről. {Despre bucurie}. [About the yoj Kertész Imre: Sorstalanság]
Elmentve itt :
| Szerző: | |
|---|---|
| Adatforrás: | Meister |
| Forrásdokumentuma: | A Hét. - 2002. 42, 7. |
| Nyelv: | magyar |
| Kulcsszavak: | Irodalomkritika irodalmi esszé critica literara eseu literar literary criticism literary essay KERTÉSZ Imre |
| LEADER | 00555nab a2200193 i 4500 | ||
|---|---|---|---|
| 001 | bibPRO00011304 | ||
| 008 | 080908s2002 xx hun | ||
| 040 | |a Sz1 | ||
| 041 | |a hun | ||
| 100 | 1 | |a ESTERHÁZY Péter | |
| 245 | 1 | 3 | |a Az örömről. {Despre bucurie}. [About the yoj Kertész Imre: Sorstalanság] |c ESTERHÁZY Péter |
| 695 | |a Irodalomkritika | ||
| 695 | |a irodalmi esszé | ||
| 695 | |a critica literara | ||
| 695 | |a eseu literar | ||
| 695 | |a literary criticism | ||
| 695 | |a literary essay | ||
| 695 | |a KERTÉSZ Imre | ||
| 773 | 0 | |t A Hét. - |g 2002. 42, 7. | |